Language Quiz

Random Language or German Quiz
Score 0/10 Timer 05:00
1 Play Today
% Correct
French Fries
92.5%
Rice
86.1%
Fish
84.8%
Dairy Product
76.2%
Meat
68.4%
Potato
64.3%
Fruit
59.4%
Vegetable
40.9%
Cake
24.4%
Candy
24.3%
Remove Ads.
Support Sporcle.
Get the best of Sporcle when you Go Orange. This ad-free experience offers more features, more stats, and more fun while also helping to support Sporcle. Thank you for becoming a member.

You're not logged in!

Compare scores with friends on all Sporcle quizzes.
OR
Log In

Show Comments

Extras

Top Quizzes Today


Score Distribution

Your Account Isn't Verified!

In order to create a playlist on Sporcle, you need to verify the email address you used during registration. Go to your Sporcle Settings to finish the process.

Report this User

Report this user for behavior that violates our Community Guidelines.

Details: